مناهج البحث العلمي تصميم البحث والتحليل الإحصائي (Record no. 23805)
[ view plain ]
| 000 -LEADER | |
|---|---|
| fixed length control field | 00847nam a2200229Ii 4500 |
| 003 - CONTROL NUMBER IDENTIFIER | |
| control field | JO-AjNU |
| 008 - FIXED-LENGTH DATA ELEMENTS--GENERAL INFORMATION | |
| fixed length control field | 230605s9999||||xx |||||||||||||| ||und|| |
| 017 ## - COPYRIGHT OR LEGAL DEPOSIT NUMBER | |
| Copyright or legal deposit number | 2006/11/3163 |
| 020 ## - INTERNATIONAL STANDARD BOOK NUMBER | |
| International Standard Book Number | 200611/3163 |
| 040 ## - CATALOGING SOURCE | |
| Original cataloging agency | JO-AjNU |
| Language of cataloging | ara |
| Description conventions | rda |
| Transcribing agency | JO-AjNU |
| 041 ## - LANGUAGE CODE | |
| Language code of text/sound track or separate title | ara |
| 050 14 - LIBRARY OF CONGRESS CALL NUMBER | |
| Classification number | Q180.A7.B376.2007 |
| 100 3# - MAIN ENTRY--PERSONAL NAME | |
| Personal name | البطش، محمد وليد ، م مشارك فريد كامل ابو زينة , |
| Relator term | author |
| 9 (RLIN) | 46506 |
| 245 00 - TITLE STATEMENT | |
| Title | مناهج البحث العلمي تصميم البحث والتحليل الإحصائي |
| 250 ## - EDITION STATEMENT | |
| Edition statement | ط1 |
| 264 31 - PRODUCTION, PUBLICATION, DISTRIBUTION, MANUFACTURE, AND COPYRIGHT NOTICE | |
| Place of production, publication, distribution, manufacture | عمان: دار المسيرة، 2007 |
| 300 ## - PHYSICAL DESCRIPTION | |
| Extent | 464ص |
| Other physical details | ملحق من صفحة 459-464 |
| 336 ## - CONTENT TYPE | |
| Content type term | text |
| Content type code | txt |
| Source | rdacontent |
| 337 ## - MEDIA TYPE | |
| Media type term | unmediated |
| Media type code | n |
| Source | rdamedia |
| 338 ## - CARRIER TYPE | |
| Carrier type term | volume |
| Carrier type code | nc |
| Source | rdacarrier |
| 650 #4 - SUBJECT ADDED ENTRY--TOPICAL TERM | |
| Topical term or geographic name entry element | البحث - طرق البحث - الطرق الاحصائية |
| 9 (RLIN) | 46507 |
| Withdrawn status | Lost status | Source of classification or shelving scheme | Damaged status | Not for loan | Home library | Current library | Shelving location | Date acquired | Total Checkouts | Full call number | Barcode | Date last seen | Price effective from | Koha item type |
|---|---|---|---|---|---|---|---|---|---|---|---|---|---|---|
| Library of Congress Classification | مكتبة جامعة عجلون الوطنية | مكتبة جامعة عجلون الوطنية | المجموعات العامة | 06/06/2023 | Q180.A7.B376.2007 | A20237 | 06/06/2023 | 06/06/2023 | Books |